000 00466nam a22001697a 4500
003 NUST - PNEC
005 20170116181155.0
008 160111b xxu||||| |||| 00| 0 eng d
020 _a-
040 _cLIBRARY
082 _a891.4391 ILY
100 _915805
_aIlyas, Mohammad
245 _aNawa e be nawa : Ghazaliyat
_cJustice Mohammad Ilyas
260 _aLahore:
_bJhangir Publications;
_cc1995.
650 _915806
_aUrdu Literature
_xGeneral
942 _2ddc
_cBK
999 _c71144
_d71144